Funkcie medzinárodných organizácií
Chápanie funkcií medzinárodných organizácií a ich klasifikácia. Regulačné, kontrolné a operatívne funkcie. Centralizácia a nezávislosť. Všeobecné zásady, na základe ktorých medzinárodné organizácie vytvárajú pravidlá.
Salvato in:
| Autore principale: | |
|---|---|
| Natura: | Capitolo di libro |
| Lingua: | slovacco |
| Soggetti: | |
| Tags: |
Nessun Tag, puoi essere il primo ad aggiungerne!!
|
MARC
| LEADER | 00000naa$a2200000$$$4500 | ||
|---|---|---|---|
| 001 | 0026140 | ||
| 005 | 20240502071424.5 | ||
| 041 | 0 | |a slo | |
| 044 | |a SK | ||
| 245 | 1 | 0 | |a Funkcie medzinárodných organizácií |c Martin Grešš |
| 520 | |a Chápanie funkcií medzinárodných organizácií a ich klasifikácia. Regulačné, kontrolné a operatívne funkcie. Centralizácia a nezávislosť. Všeobecné zásady, na základe ktorých medzinárodné organizácie vytvárajú pravidlá. | ||
| 610 | 2 | 0 | |a organizácie medzinárodné |
| 610 | 2 | 0 | |a politika |
| 610 | 2 | 0 | |a normy |
| 610 | 2 | 0 | |a nezávislosť |
| 610 | 2 | 0 | |a záujmy ekonomické |
| 610 | 2 | 0 | |a kooperácia |
| 610 | 2 | 0 | |a štát |
| 610 | 2 | 0 | |a vláda |
| 100 | 1 | |a Grešš, Martin, 1978- | |